Time (Record no. 11536)
[ view plain ]
| 000 -LEADER | |
|---|---|
| fixed length control field | 00478nas a2200181 a 4500 |
| 005 - DATE AND TIME OF LATEST TRANSACTION | |
| control field | 20191207125509.0 |
| 008 - FIXED-LENGTH DATA ELEMENTS--GENERAL INFORMATION | |
| fixed length control field | 191207b xxu||||| |||| 00| 0 eng d |
| 022 ## - INTERNATIONAL STANDARD SERIAL NUMBER | |
| International Standard Serial Number | 9771064030005 |
| 040 ## - CATALOGING SOURCE | |
| Transcribing agency | BD-JhCC |
| 082 ## - DEWEY DECIMAL CLASSIFICATION NUMBER | |
| Classification number | 051 |
| Item number | TIM |
| 245 ## - TITLE STATEMENT | |
| Title | Time |
| Statement of responsibility, etc. | Edited by Edward Felsenthal |
| 260 ## - PUBLICATION, DISTRIBUTION, ETC. | |
| Place of publication, distribution, etc. | Hong Kong : |
| Name of publisher, distributor, etc. | Time Mahazine HK Limited, |
| 300 ## - PHYSICAL DESCRIPTION | |
| Extent | Vol. 194, No. 22-23 |
| 310 ## - CURRENT PUBLICATION FREQUENCY | |
| Current publication frequency | Weekly |
| 650 ## - SUBJECT ADDED ENTRY--TOPICAL TERM | |
| Topical term or geographic name entry element | Time |
| Form subdivision | Periodicals |
| 700 ## - ADDED ENTRY--PERSONAL NAME | |
| Personal name | Felsenthal, Edward |
| 942 ## - ADDED ENTRY ELEMENTS (KOHA) | |
| Source of classification or shelving scheme | Dewey Decimal Classification |
| Koha item type | Continuing Resources |
| Serial record | 1 |
| Withdrawn status | Lost status | Source of classification or shelving scheme | Damaged status | Not for loan | Collection code | Home library | Current library | Shelving location | Date acquired | Cost, normal purchase price | Total Checkouts | Full call number | Barcode | Date last seen | Price effective from | Koha item type |
|---|---|---|---|---|---|---|---|---|---|---|---|---|---|---|---|---|
| Dewey Decimal Classification | Reference | JCC Rouf Library | JCC Rouf Library | Reference | 12/07/2019 | 160.00 | 051 TIM | M1004 | 12/07/2019 | 12/07/2019 | Continuing Resources |